[Event "1st FIDE OWCCCC Pools-East 2021"]
[Site "Online"]
[Date "2021.02.19"]
[Round "2.57"]
[White "Ayyad, Maher"]
[Black "Garcia Paolicchi, Raul"]
[Result "1/2-1/2"]
[WhiteElo "2064"]
[BlackElo "2094"]
[Annotator "NA"]
[PlyCount "245"]
[EventDate "2021.02.19"]
[EventType "team-tourn"]
[EventCountry "NET"]
[SourceTitle "playchess.com"]
[Source "ChessBase"]
[SourceQuality "1"]

1. d4 d5 2. Nf3 Bg4 3. Nbd2 Nf6 4. Ne5 Bh5 5. c3 Nbd7 6. Qb3 Nb6 7. a4 a5 8. h3 e6 9. g4 Bg6 10. Bg2 Bd6 11. Ndf3 Be4 12. Bg5 Be7 13. Bf4 Nfd7 14. Rd1 Nxe5 15. Bxe5 Bf6 16. Bxf6 Qxf6 17. Qb5+ Ke7 18. Qc5+ Kd8 19. g5 Qe7 20. Qb5 h6 21. gxh6 Rxh6 22. Kf1 Rg6 23. h4 Qd7 24. Qxd7+ Nxd7 25. h5 Rh6 26. Ng5 Bxg2+ 27. Kxg2 Ke7 28. Nf3 Rah8 29. b4 axb4 30. cxb4 Rxh5 31. Rxh5 Rxh5 32. b5 c6 33. bxc6 bxc6 34. Rb1 Kd6 35. Rb7 Rh8 36. Ra7 f6 37. a5 g5 38. a6 Rb8 39. Ne1 c5 40. dxc5+ Nxc5 41. Rf7 f5 42. a7 Ra8 43. Nf3 Nd7 44. Nd4 Ne5 45. Rg7 g4 46. Nb5+ Kc6 47. Nd4+ Kd6 48. Rb7 Nc6 49. Nxc6 Kxc6 50. Re7 Kd6 51. Rf7 Kc6 52. Kg3 Kb6 53. Re7 Rxa7 54. Rxe6+ Kc5 55. Re5 Rf7 56. Kf4 Kd4 57. e3+ Kc5 58. Rxf5 Re7 59. Kxg4 Re4+ 60. Kf3 Rh4 61. Rg5 Rh3+ 62. Kg4 Rh1 63. f3 Kc4 64. Kf4 Rh4+ 65. Rg4 Rh5 66. Kg3+ Kd3 67. Kf4 d4 68. exd4 Kxd4 69. Rg5 Rh4+ 70. Kf5 Ke3 71. Rg3 Rf4+ 72. Ke5 Rxf3 73. Rg1 Rf2 74. Ra1 Kf3 75. Ra3+ Kg2 76. Ke4 Re2+ 77. Kf4 Rf2+ 78. Kg4 Re2 79. Ra4 Rd2 80. Re4 Ra2 81. Rc4 Rd2 82. Rc3 Re2 83. Kf4 Rd2 84. Rg3+ Kf2 85. Rf3+ Ke2 86. Rh3 Rd4+ 87. Ke5 Ra4 88. Rh2+ Kd3 89. Rh3+ Kd2 90. Kd5 Rb4 91. Kc5 Ra4 92. Kb5 Rg4 93. Rh2+ Ke3 94. Ra2 Kd3 95. Ra3+ Ke2 96. Kc5 Kd2 97. Kd5 Ke2 98. Ke5 Kd2 99. Kf5 Rh4 100. Kg5 Rb4 101. Ra2+ Kc3 102. Kf5 Rh4 103. Ra3+ Kd2 104. Kg5 Rb4 105. Rg3 Ke2 106. Kf5 Kf2 107. Rc3 Ke2 108. Ra3 Rc4 109. Ke5 Rh4 110. Kd5 Kd2 111. Ra2+ Ke3 112. Ra3+ Kd2 113. Ra1 Kc2 114. Ke5 Kd2 115. Rg1 Ke2 116. Rg2+ Kd3 117. Kf5 Kc3 118. Rg3+ Kd2 119. Rg2+ Kd3 120. Rg3+ Kd2 121. Rg2+ Kd3 122. Rg4 Rxg4 123. Kxg4 1/2-1/2

[Event "1st FIDE OWCCCC Pools-East 2021"]
[Site "Online"]
[Date "2021.02.19"]
[Round "2.57"]
[White "Stojadinov, Svetlana"]
[Black "deep_"]
[Result "*"]
[WhiteElo "2004"]
[BlackElo "1692"]
[Annotator "NA RC"]
[PlyCount "59"]
[EventDate "2021.02.19"]
[EventType "team-tourn"]
[EventCountry "NET"]
[SourceTitle "playchess.com"]
[Source "ChessBase"]
[SourceQuality "1"]

1. e4 c5 2. Nc3 d6 3. g3 Nf6 4. Bg2 g6 5. d3 Bg7 6. f4 e6 7. Nf3 O-O 8. O-O Nbd7 9. h3 a6 10. a4 Rb8 11. g4 b5 12. axb5 axb5 13. Ne2 Bb7 14. Ng3 Nb6 15. f5 d5 16. e5 Nfd7 17. f6 Qc7 18. fxg7 Kxg7 19. Bf4 d4 20. Qd2 Rg8 21. Bh6+ Kh8 22. Rae1 Nd5 23. Ng5 Nxe5 24. Rxe5 f6 25. Nxe6 Qxe5 26. Nf4 g5 27. Nxd5 Bxd5 28. Bxd5 Qxd5 29. Rxf6 Qe5 30. Nh5 *

[Event "1st FIDE OWCCCC Pools-East 2021"]
[Site "Online"]
[Date "2021.02.19"]
[Round "2.57"]
[White "Shahriari, Navid"]
[Black "Sikorova, Olga"]
[Result "0-1"]
[WhiteElo "689"]
[BlackElo "2215"]
[Annotator "NA"]
[PlyCount "40"]
[EventDate "2021.02.19"]
[EventType "team-tourn"]
[EventCountry "NET"]
[SourceTitle "playchess.com"]
[Source "ChessBase"]
[SourceQuality "1"]

1. e4 e6 2. Nf3 d5 3. d4 dxe4 4. Ne5 Nf6 5. Bc4 Be7 6. d5 exd5 7. Bb5+ c6 8. Nc3 cxb5 9. Nxb5 O-O 10. O-O Nc6 11. Nxc6 bxc6 12. b3 cxb5 13. c4 dxc4 14. bxc4 bxc4 15. Qxd8 Rxd8 16. f3 Bc5+ 17. Kh1 e3 18. Re1 Bb4 19. Rxe3 Rd1+ 20. Re1 Rxe1# 0-1

[Event "1st FIDE OWCCCC Pools-East 2021"]
[Site "Online"]
[Date "2021.02.19"]
[Round "2.58"]
[White "Valiente Roy, Jose Javier"]
[Black "Binzaiman, Ayman"]
[Result "0-1"]
[WhiteElo "2009"]
[BlackElo "1454"]
[Annotator "NA"]
[PlyCount "120"]
[EventDate "2021.02.19"]
[EventType "team-tourn"]
[EventCountry "NET"]
[SourceTitle "playchess.com"]
[Source "ChessBase"]
[SourceQuality "1"]

1. e4 e5 2. Nf3 Nf6 3. d3 Nc6 4. Nc3 Bc5 5. Be3 Bxe3 6. fxe3 Ng4 7. Qe2 d6 8. h3 Nf6 9. O-O-O Be6 10. a3 Qd7 11. d4 Nh5 12. Qf2 exd4 13. exd4 Nf4 14. d5 O-O 15. dxe6 fxe6 16. Bc4 Qe7 17. Qd2 Rad8 18. g3 Ng6 19. Qe3 Nge5 20. Nxe5 Nxe5 21. Ba2 Rf3 22. Qg1 Qg5+ 23. Kb1 Rxg3 24. Bxe6+ Kh8 25. Qf1 Rf3 26. Qe2 Rdf8 27. Rdf1 Qg3 28. Rxf3 Nxf3 29. Bg4 Nd4 30. Qd2 c5 31. Ne2 Qg2 32. Qe1 Qxe4 33. Nxd4 Qxd4 34. Qe7 Qf4 35. Re1 h6 36. Qxb7 Qd2 37. Qe7 Rf2 38. Qe8+ Kh7 39. Qe4+ Kh8 40. Bf5 Rxf5 41. Qxf5 Qxe1+ 42. Ka2 Qe7 43. Qc8+ Kh7 44. Qf5+ g6 45. Qd5 Kg7 46. Qd3 Kf7 47. Qf3+ Qf6 48. Qb7+ Qe7 49. Qf3+ Kg7 50. Kb3 Qe6+ 51. Ka4 d5 52. c3 a6 53. Qf1 Qc6+ 54. Kb3 c4+ 55. Kc2 Qe6 56. Qd1 Qe4+ 57. Kc1 Kf6 58. Qf1+ Ke5 59. Qg1 g5 60. Qg2 Qxg2 0-1

[Event "1st FIDE OWCCCC Pools-East 2021"]
[Site "Online"]
[Date "2021.02.19"]
[Round "2.58"]
[White "Slovak, Pavel"]
[Black "Fedjajevs, Andrejs"]
[Result "1-0"]
[WhiteElo "1991"]
[BlackElo "867"]
[Annotator "NA"]
[PlyCount "37"]
[EventDate "2021.02.19"]
[EventType "team-tourn"]
[EventCountry "NET"]
[SourceTitle "playchess.com"]
[Source "ChessBase"]
[SourceQuality "1"]

1. e4 e5 2. Nf3 Nc6 3. Bc4 f6 4. d3 a6 5. a4 Nge7 6. O-O d5 7. exd5 Nxd5 8. h3 Be6 9. Re1 b5 10. axb5 axb5 11. Rxa8 Qxa8 12. Bxb5 Qb7 13. c4 Ndb4 14. d4 exd4 15. Rxe6+ Be7 16. Nxd4 Kf7 17. Bxc6 Nxc6 18. Nxc6 Kxe6 19. Qd5# 1-0

[Event "1st FIDE OWCCCC Pools-East 2021"]
[Site "Online"]
[Date "2021.02.19"]
[Round "2.58"]
[White "Kostic, Stefan"]
[Black "gsabu"]
[Result "1-0"]
[WhiteElo "1944"]
[BlackElo "1770"]
[Annotator "NA"]
[PlyCount "83"]
[EventDate "2021.02.19"]
[EventType "team-tourn"]
[EventCountry "NET"]
[SourceTitle "playchess.com"]
[Source "ChessBase"]
[SourceQuality "1"]

1. e4 e5 2. Nf3 Nc6 3. Bc4 h6 4. O-O Bc5 5. c3 d6 6. d4 exd4 7. cxd4 Bb6 8. Re1 Nge7 9. e5 dxe5 10. Nxe5 Nxe5 11. dxe5 Qxd1 12. Rxd1 Bf5 13. Nc3 O-O 14. a4 a6 15. a5 Ba7 16. Bd5 Rad8 17. Bxb7 Rxd1+ 18. Nxd1 Rd8 19. Be3 Bd3 20. Bxa7 c6 21. Bc5 Rd7 22. Bxe7 Rxb7 23. Bd6 Bc2 24. b4 f6 25. Ne3 Bb3 26. Rc1 fxe5 27. Bxe5 Rxb4 28. h3 Rb5 29. Bc7 c5 30. Bb6 c4 31. Nxc4 Rg5 32. Ne3 Be6 33. Kh2 Rb5 34. f4 Rb3 35. f5 Bd7 36. Rc7 Bb5 37. Bd4 Rd3 38. Bb6 Rd2 39. Rc2 Rd3 40. Rf2 Bc6 41. f6 gxf6 42. Rxf6 1-0

[Event "1st FIDE OWCCCC Pools-East 2021"]
[Site "Online"]
[Date "2021.02.19"]
[Round "2.58"]
[White "Patil, Amit"]
[Black "Stojadinov, Milana"]
[Result "1-0"]
[WhiteElo "1895"]
[BlackElo "1084"]
[Annotator "NA"]
[PlyCount "103"]
[EventDate "2021.02.19"]
[EventType "team-tourn"]
[EventCountry "NET"]
[SourceTitle "playchess.com"]
[Source "ChessBase"]
[SourceQuality "1"]

1. e4 e5 2. Nf3 Nc6 3. d4 exd4 4. Nxd4 Ne5 5. Be2 Bc5 6. Nf5 g6 7. Ne3 d6 8. O-O f5 9. exf5 Bxf5 10. Nxf5 gxf5 11. Bh5+ Ng6 12. Re1+ Kd7 13. Be3 Bb6 14. Bxb6 axb6 15. Nc3 Nf4 16. Bf3 Qg5 17. Nd5 Nh3+ 18. Kf1 Nf4 19. Qd2 Ne6 20. Qc3 c6 21. Nxb6+ Ke7 22. Nxa8 Nf6 23. Nc7 Ne4 24. Nxe6 Nd2+ 25. Kg1 Nxf3+ 26. Qxf3 Qf6 27. Rad1 Rg8 28. Qf4 Qg6 29. Qxd6+ Kf7 30. Nd8+ Kg7 31. Qxg6+ Kxg6 32. Ne6 Kf6 33. Nf4 Kg5 34. g3 h5 35. Rd7 b5 36. Rd6 h4 37. Ree6 hxg3 38. fxg3 Kg4 39. Rg6+ Rxg6 40. Rxg6+ Kf3 41. Rxc6 Kg4 42. Rc5 Kg5 43. Rxb5 Kg4 44. a4 Kg5 45. a5 Kg4 46. a6 Kg5 47. a7 Kg4 48. a8=Q Kg5 49. Qg8+ Kf6 50. Qg6+ Ke7 51. Rb7+ Kf8 52. Qf7# 1-0

[Event "1st FIDE OWCCCC Pools-East 2021"]
[Site "Online"]
[Date "2021.02.19"]
[Round "2.59"]
[White "Zelenkovic, Jovan"]
[Black "eshabhatia"]
[Result "1-0"]
[WhiteElo "1019"]
[BlackElo "586"]
[Annotator "NA"]
[PlyCount "59"]
[EventDate "2021.02.19"]
[EventType "team-tourn"]
[EventCountry "NET"]
[SourceTitle "playchess.com"]
[Source "ChessBase"]
[SourceQuality "1"]

1. e4 g5 2. Nc3 Bg7 3. Nf3 h6 4. d4 a5 5. Bc4 g4 6. Ne5 h5 7. Bxf7+ Kf8 8. O-O d6 9. Bxg8 Rxg8 10. Nd3 Bxd4 11. Be3 c5 12. Bxd4 cxd4 13. Nd5 e6 14. N5f4 e5 15. Nxh5 Qe8 16. Nf6 Qf7 17. Nxg8 Qxg8 18. c3 dxc3 19. bxc3 Nc6 20. Rb1 a4 21. Nb4 Na5 22. Qxd6+ Ke8 23. Qxe5+ Kf8 24. Rbd1 Nc4 25. Qf4+ Qf7 26. Rd8+ Kg7 27. Qg5+ Kh7 28. Qh4+ Kg6 29. Rh8 Nd2 30. Qh6# 1-0

[Event "1st FIDE OWCCCC Pools-East 2021"]
[Site "Online"]
[Date "2021.02.19"]
[Round "2.59"]
[White "Hermeling, Evelien"]
[Black "Kubicek, Robert"]
[Result "0-1"]
[WhiteElo "803"]
[BlackElo "2141"]
[Annotator "NA"]
[PlyCount "44"]
[EventDate "2021.02.19"]
[EventType "team-tourn"]
[EventCountry "NET"]
[SourceTitle "playchess.com"]
[Source "ChessBase"]
[SourceQuality "1"]

1. e4 c6 2. Nc3 d5 3. f4 d4 4. Na4 e5 5. d3 b5 6. c4 Qa5+ 7. Bd2 Qxa4 8. b3 Qa6 9. Qe2 Nd7 10. O-O-O Qxa2 11. b4 a5 12. Bc3 Qxe2 13. Nxe2 dxc3 14. Nxc3 axb4 15. Na2 Rxa2 16. Kb1 b3 17. Kc1 Ba3+ 18. Kb1 Nc5 19. Rd2 Rxd2 20. fxe5 Na4 21. g3 Nc3+ 22. Ka1 b2# 0-1

[Event "1st FIDE OWCCCC Pools-East 2021"]
[Site "Online"]
[Date "2021.02.19"]
[Round "2.60"]
[White "Stadler, Simon"]
[Black "Meroni, Alessio"]
[Result "1-0"]
[WhiteElo "2188"]
[BlackElo "639"]
[Annotator "NA"]
[PlyCount "67"]
[EventDate "2021.02.19"]
[EventType "team-tourn"]
[EventCountry "NET"]
[SourceTitle "playchess.com"]
[Source "ChessBase"]
[SourceQuality "1"]

1. e4 e5 2. Nf3 Nc6 3. Bc4 d6 4. d4 Bg4 5. d5 Nd4 6. Nbd2 c5 7. c3 Nxf3+ 8. Nxf3 Bxf3 9. Qxf3 Qd7 10. O-O O-O-O 11. b4 b6 12. bxc5 dxc5 13. a4 Qc7 14. Ba6+ Kb8 15. Qe2 Nf6 16. Bg5 h6 17. Bxf6 gxf6 18. Rfb1 c4 19. a5 Bc5 20. Qxc4 Bxf2+ 21. Kxf2 Qxc4 22. Bxc4 Rc8 23. Bd3 Rxc3 24. Ke3 Kb7 25. axb6 f5 26. Rxa7+ Kb8 27. exf5 Rc5 28. Rb5 Rhc8 29. Rxf7 Rc3 30. b7 R8c4 31. Rf8+ Kc7 32. b8=Q+ Kd7 33. Rb7+ Rc7 34. Qd8# 1-0

[Event "1st FIDE OWCCCC Pools-East 2021"]
[Site "Online"]
[Date "2021.02.19"]
[Round "2.60"]
[White "Spremo, Darko"]
[Black "ZubinMaster"]
[Result "0-1"]
[WhiteElo "1072"]
[BlackElo "1174"]
[Annotator "NA"]
[PlyCount "74"]
[EventDate "2021.02.19"]
[EventType "team-tourn"]
[EventCountry "NET"]
[SourceTitle "playchess.com"]
[Source "ChessBase"]
[SourceQuality "1"]

1. e4 c5 2. Bb5 Nc6 3. Nf3 d6 4. Bxc6+ bxc6 5. c4 g6 6. d4 cxd4 7. Nxd4 Bd7 8. Nf3 Bg7 9. O-O c5 10. Na3 a6 11. Rb1 Rb8 12. g3 Nf6 13. Ng5 O-O 14. b3 h6 15. Nh3 Bxh3 16. Re1 Qa5 17. e5 Ne8 18. exd6 exd6 19. Re7 Qc3 20. Bd2 Qf6 21. Qe1 Qf3 22. Qf1 Bxf1 23. Kxf1 Qd3+ 24. Ke1 Bd4 25. h3 Kg7 26. Nc2 Qxc2 27. Rc1 Qf5 28. f4 Qxh3 29. Bc3 Qxg3+ 30. Kd2 Qxf4+ 31. Kc2 Bxc3 32. Kb1 Qd2 33. Rc2 Qd3 34. Ree2 Nf6 35. Rf2 Rfe8 36. a4 Re1+ 37. Ka2 Ra1# 0-1

[Event "1st FIDE OWCCCC Pools-East 2021"]
[Site "Online"]
[Date "2021.02.19"]
[Round "2.61"]
[White "Bashkirov, Igor"]
[Black "Frey, Fabian"]
[Result "*"]
[WhiteElo "1483"]
[BlackElo "2106"]
[Annotator "TA"]
[PlyCount "97"]
[EventDate "2021.02.19"]
[EventType "team-tourn"]
[EventCountry "NET"]
[SourceTitle "playchess.com"]
[Source "ChessBase"]
[SourceQuality "1"]

1. e4 c6 2. d4 d5 3. e5 Bf5 4. c4 e6 5. Nf3 Nd7 6. Bd3 Bxd3 7. Qxd3 dxc4 8. Qxc4 Nb6 9. Qb3 Ne7 10. O-O Ned5 11. Nc3 Be7 12. Nxd5 Qxd5 13. Qxd5 Nxd5 14. a4 a5 15. Bd2 h6 16. Rfb1 Bb4 17. Rd1 Be7 18. h3 O-O 19. Rab1 Ra6 20. Rdc1 Rfa8 21. Be1 Rb6 22. Nd2 Rb4 23. b3 Rxd4 24. Nc4 Bb4 25. Nd6 Bxe1 26. Rxe1 Rb4 27. Re4 Rxe4 28. Nxe4 b5 29. Nc5 bxa4 30. bxa4 Nb4 31. Rc1 Rd8 32. Nb7 Rd5 33. f4 g5 34. g3 gxf4 35. gxf4 Nd3 36. Rxc6 Nxf4 37. Rc5 Rxc5 38. Nxc5 Nxh3+ 39. Kg2 Nf4+ 40. Kf1 Ng6 41. Nb7 Nxe5 42. Nxa5 f5 43. Nb3 Kf7 44. a5 Nc6 45. a6 Na7 46. Nc5 Ke7 47. Kf2 Kd6 48. Nd3 Kc6 49. Ne5+ *

[Event "1st FIDE OWCCCC Pools-East 2021"]
[Site "Online"]
[Date "2021.02.19"]
[Round "2.61"]
[White "Papadopoulos, Dimitrios K-E"]
[Black "Pulakandam, Gurunadh gupta"]
[Result "0-1"]
[WhiteElo "1001"]
[BlackElo "1306"]
[Annotator "NA"]
[PlyCount "48"]
[EventDate "2021.02.19"]
[EventType "team-tourn"]
[EventCountry "NET"]
[SourceTitle "playchess.com"]
[Source "ChessBase"]
[SourceQuality "1"]

1. e4 e5 2. Nf3 d6 3. d4 exd4 4. Nxd4 Nf6 5. Nc3 a6 6. Bc4 Bd7 7. O-O Nc6 8. h3 h6 9. f4 Be7 10. e5 dxe5 11. Nxc6 Bxc6 12. Qxd8+ Rxd8 13. fxe5 Nd7 14. Bxf7+ Kf8 15. e6 Nf6 16. Bf4 Bc5+ 17. Kh2 Ke7 18. Bxc7 Rd2 19. Bd6+ Bxd6+ 20. Kg1 Rxg2+ 21. Kh1 Rxc2+ 22. Kg1 Rg2+ 23. Kh1 Rxb2+ 24. Kg1 Bc5+ 0-1

[Event "1st FIDE OWCCCC Pools-East 2021"]
[Site "Online"]
[Date "2021.02.19"]
[Round "2.62"]
[White "Kucherov, Pavel"]
[Black "conker"]
[Result "1-0"]
[WhiteElo "1711"]
[BlackElo "1386"]
[Annotator "NA"]
[PlyCount "105"]
[EventDate "2021.02.19"]
[EventType "team-tourn"]
[EventCountry "NET"]
[SourceTitle "playchess.com"]
[Source "ChessBase"]
[SourceQuality "1"]

1. e4 c5 2. Nf3 d6 3. d4 cxd4 4. Nxd4 Nf6 5. Nc3 a6 6. Be2 b5 7. a3 e6 8. O-O Be7 9. f4 Qb6 10. Be3 Qc7 11. Bf3 Bb7 12. Kh1 Nbd7 13. Qe2 Rb8 14. Rad1 Nc5 15. Bf2 O-O 16. e5 Bxf3 17. Nxf3 dxe5 18. Qxe5 Qxe5 19. Nxe5 Rbc8 20. g4 Nfe4 21. Bxc5 Nxc5 22. b4 Na4 23. Nxa4 bxa4 24. c4 Bf6 25. c5 Bxe5 26. fxe5 Rc6 27. Rd6 Rfc8 28. Rfd1 Kf8 29. Rxc6 Rxc6 30. Rd6 Rxd6 31. exd6 Ke8 32. Kg2 Kd7 33. Kf3 f6 34. Ke4 g6 35. h3 h6 36. h4 h5 37. gxh5 gxh5 38. Kf4 e5+ 39. Kf5 Kc6 40. Ke6 e4 41. d7 e3 42. d8=Q e2 43. Qd2 a5 44. bxa5 Kxc5 45. Qxe2 Kd4 46. Kxf6 Kc3 47. a6 Kb3 48. a7 Kxa3 49. Qb5 Ka2 50. a8=Q Ka3 51. Qf3+ Ka2 52. Qfe2+ Ka3 53. Qbb2# 1-0

[Event "1st FIDE OWCCCC Pools-East 2021"]
[Site "Online"]
[Date "2021.02.19"]
[Round "2.62"]
[White "Fernandez, Virgilio"]
[Black "Califano, Tommaso"]
[Result "1/2-1/2"]
[WhiteElo "1580"]
[BlackElo "1463"]
[Annotator "NA"]
[PlyCount "163"]
[EventDate "2021.02.19"]
[EventType "team-tourn"]
[EventCountry "NET"]
[SourceTitle "playchess.com"]
[Source "ChessBase"]
[SourceQuality "1"]

1. Nf3 c5 2. b3 Nf6 3. Nc3 Nc6 4. e4 e5 5. Bb5 Nd4 6. Nxd4 cxd4 7. Nd5 a6 8. Bd3 Nxd5 9. exd5 d6 10. c3 Qb6 11. O-O Be7 12. Bb2 dxc3 13. dxc3 O-O 14. c4 f5 15. Bc1 Bf6 16. Rb1 Bd7 17. Be3 Qa5 18. a4 f4 19. Qd2 Qd8 20. Bxf4 exf4 21. Qxf4 Be5 22. Qe4 Bf5 23. Qe3 Bxd3 24. Qxd3 Qf6 25. f3 Rf7 26. Rbe1 Raf8 27. Re4 Qh6 28. g3 Rf6 29. Rh4 Qg6 30. Qxg6 hxg6 31. f4 Bd4+ 32. Kg2 Bc5 33. Rf3 g5 34. Rg4 gxf4 35. gxf4 Bb6 36. Rfg3 R8f7 37. h4 Bd8 38. h5 Kh7 39. Kf3 Kh6 40. Rg6+ Rxg6 41. Rxg6+ Kh7 42. Rg3 Bf6 43. Rh3 Kh6 44. Kg4 Bd4 45. f5 Be5 46. b4 Rf6 47. c5 dxc5 48. bxc5 Bb8 49. d6 Rf7 50. Kf4 b6 51. c6 Bxd6+ 52. Ke4 Bc5 53. Rg3 Rc7 54. Rg6+ Kxh5 55. Re6 Kg5 56. Rg6+ Kh5 57. Rg2 Rxc6 58. Kf4 Bd6+ 59. Ke4 Rc4+ 60. Kd5 Rxa4 61. Kxd6 b5 62. Kc5 Rf4 63. Kb6 Rxf5 64. Kxa6 b4 65. Rb2 Rf4 66. Kb5 g5 67. Kc5 g4 68. Kd5 Kh4 69. Ke5 Rc4 70. Kd5 Rf4 71. Ke5 Rf3 72. Rxb4 Kh3 73. Ke4 Rg3 74. Kf4 Rg2 75. Rb3+ g3 76. Rb5 Kh2 77. Rh5+ Kg1 78. Kf3 Rh2 79. Rg5 Rf2+ 80. Kxg3 Rg2+ 81. Kh4 Rxg5 82. Kxg5 1/2-1/2

[Event "1st FIDE OWCCCC Pools-East 2021"]
[Site "Online"]
[Date "2021.02.19"]
[Round "2.62"]
[White "Bodapati, Chandrakanth"]
[Black "Koskinen, Timo"]
[Result "1/2-1/2"]
[WhiteElo "1406"]
[BlackElo "1678"]
[Annotator "NA"]
[PlyCount "99"]
[EventDate "2021.02.19"]
[EventType "team-tourn"]
[EventCountry "NET"]
[SourceTitle "playchess.com"]
[Source "ChessBase"]
[SourceQuality "1"]

1. d4 d5 2. Nf3 Nf6 3. e3 e6 4. Nbd2 c5 5. c3 Bd6 6. Bb5+ Bd7 7. Bxd7+ Nbxd7 8. O-O O-O 9. b3 b5 10. Bb2 c4 11. b4 e5 12. dxe5 Bxe5 13. Nd4 Bxd4 14. cxd4 Re8 15. Bc3 Qc7 16. h3 Ne4 17. Nxe4 Rxe4 18. Qe2 Nb6 19. Rac1 Qd6 20. a3 Re6 21. Qg4 Rg6 22. Qf4 Qe6 23. Qf3 Nd7 24. Rfe1 Nf6 25. Kh1 Qe4 26. Qxe4 Nxe4 27. Kg1 Rf6 28. f3 Ng3 29. Kh2 Nf5 30. e4 dxe4 31. fxe4 Nh4 32. e5 Rf4 33. Re3 Nf5 34. Rf3 Rxf3 35. gxf3 Rd8 36. Rd1 Ne3 37. Re1 Nd5 38. Rc1 Kf8 39. Kg3 Ke7 40. h4 Ke6 41. f4 f5 42. Kf3 g6 43. Rc2 a6 44. Rc1 Rg8 45. Kg3 Rg7 46. Rc2 Rg8 47. Rc1 Rg7 48. Rc2 Rg8 49. Kf3 Rg7 50. Kg3 1/2-1/2

[Event "1st FIDE OWCCCC Pools-East 2021"]
[Site "Online"]
[Date "2021.02.19"]
[Round "2.63"]
[White "Garcia Ortega, Manuel"]
[Black "Vyaghrambare, Ritu"]
[Result "1-0"]
[WhiteElo "1719"]
[BlackElo "948"]
[Annotator "NA"]
[PlyCount "63"]
[EventDate "2021.02.19"]
[EventType "team-tourn"]
[EventCountry "NET"]
[SourceTitle "playchess.com"]
[Source "ChessBase"]
[SourceQuality "1"]

1. Nf3 f5 2. d4 Nc6 3. d5 Na5 4. Bf4 d6 5. e3 c6 6. b4 Nc4 7. Bxc4 a5 8. b5 c5 9. a4 e5 10. Bg3 f4 11. exf4 e4 12. Ng5 Qe7 13. O-O Nf6 14. Nc3 h6 15. Ngxe4 h5 16. Re1 g6 17. Nxf6+ Kd8 18. Rxe7 Bxe7 19. Bh4 Rf8 20. Nce4 Bd7 21. Qf3 Bf5 22. g3 Rh8 23. Re1 Kc8 24. Bd3 Rf8 25. Nh7 Rh8 26. Nhg5 b6 27. Nd2 Kc7 28. Rxe7+ Kb8 29. Bxf5 Rc8 30. Bxc8 Ra7 31. Rxa7 Kxa7 32. Qe4 1-0

[Event "1st FIDE OWCCCC Pools-East 2021"]
[Site "Online"]
[Date "2021.02.19"]
[Round "2.63"]
[White "Sasso, Giulio"]
[Black "Gil Quilez, Sonia"]
[Result "1-0"]
[WhiteElo "1316"]
[BlackElo "2159"]
[Annotator "ChessBase"]
[PlyCount "75"]
[EventDate "2021.02.19"]
[EventType "team-tourn"]
[EventCountry "NET"]
[SourceTitle "playchess.com"]
[Source "ChessBase"]
[SourceQuality "1"]

1. e4 e5 2. Nf3 Nc6 3. Bc4 Nf6 4. d3 d6 5. Ng5 Qe7 6. Nxf7 Rg8 7. Nxd6+ cxd6 8. Bxg8 Nxg8 9. Nc3 Be6 10. O-O O-O-O 11. f4 g6 12. f5 gxf5 13. exf5 Bf7 14. Qg4 Nf6 15. Qh4 d5 16. Bg5 Qc5+ 17. Kh1 d4 18. Bxf6 Rd6 19. Ne4 Qxc2 20. Nxd6+ Bxd6 21. Qxh7 Bd5 22. Qh3 Kc7 23. Bg5 Qxb2 24. f6 Nd8 25. Rfb1 Qxg2+ 26. Qxg2 Bxg2+ 27. Kxg2 b6 28. Rc1+ Kd7 29. h4 Bf8 30. h5 Ne6 31. Bh4 Ke8 32. Rc6 Kf7 33. Kf3 Nf4 34. Rc7+ Kg8 35. Rg1+ Kh8 36. Rc8 Kh7 37. Rxf8 Kh6 38. Rh8# 1-0

[Event "1st FIDE OWCCCC Pools-East 2021"]
[Site "Online"]
[Date "2021.02.19"]
[Round "2.63"]
[White "Zhuravlev, Ilya"]
[Black "Ak, Emir Arda"]
[Result "*"]
[WhiteElo "1142"]
[BlackElo "1345"]
[Annotator "NA RC"]
[PlyCount "59"]
[EventDate "2021.02.19"]
[EventType "team-tourn"]
[EventCountry "NET"]
[SourceTitle "playchess.com"]
[Source "ChessBase"]
[SourceQuality "1"]

1. e4 c5 2. Nf3 g6 3. d4 cxd4 4. Nxd4 Bg7 5. c3 Nc6 6. Nxc6 bxc6 7. Bc4 d6 8. Qf3 e6 9. O-O Ne7 10. Be3 O-O 11. Nd2 d5 12. Bd3 dxe4 13. Bxe4 Nd5 14. Bc5 Re8 15. Rad1 Qa5 16. Ba3 Bd7 17. Nc4 Qc7 18. Nd6 Rf8 19. c4 Nb6 20. c5 Nd5 21. Rd2 Rab8 22. h4 a5 23. h5 a4 24. hxg6 fxg6 25. Qg3 Nf6 26. Re1 Nxe4 27. Rxe4 Bh6 28. Rd3 Bg7 29. Re2 Bc8 30. Qh4 *

[Event "1st FIDE OWCCCC Pools-East 2021"]
[Site "Online"]
[Date "2021.02.19"]
[Round "2.64"]
[White "Baader, Matthieu"]
[Black "Manca, Maria Chiara"]
[Result "1-0"]
[WhiteElo "1327"]
[BlackElo "1267"]
[Annotator "NA"]
[PlyCount "65"]
[EventDate "2021.02.19"]
[EventType "team-tourn"]
[EventCountry "NET"]
[SourceTitle "playchess.com"]
[Source "ChessBase"]
[SourceQuality "1"]

1. c4 e5 2. Nc3 Nf6 3. d3 Bc5 4. e4 O-O 5. Be2 d6 6. h3 Nc6 7. Nf3 Nd4 8. O-O c6 9. Bg5 h6 10. Bh4 Be6 11. Nh2 Nxe2+ 12. Qxe2 d5 13. cxd5 cxd5 14. exd5 Bf5 15. Ne4 Bxe4 16. dxe4 Be7 17. Bxf6 Bxf6 18. f4 exf4 19. Rxf4 Bd4+ 20. Kh1 Be5 21. Rf5 Bxh2 22. Kxh2 Qd6+ 23. Kh1 Rac8 24. Raf1 Rc7 25. Qf3 Qd7 26. e5 Qe8 27. e6 Qe7 28. d6 Qxd6 29. Rxf7 Re7 30. Rxf8+ Kh7 31. Qf5+ g6 32. Qf7+ Rxf7 33. R1xf7# 1-0

[Event "1st FIDE OWCCCC Pools-East 2021"]
[Site "Online"]
[Date "2021.02.19"]
[Round "2.65"]
[White "Agomeri, Gianluca"]
[Black "Savadiya, Apurwa"]
[Result "1-0"]
[WhiteElo "2122"]
[BlackElo "1257"]
[Annotator "NA"]
[PlyCount "101"]
[EventDate "2021.02.19"]
[EventType "team-tourn"]
[EventCountry "NET"]
[SourceTitle "playchess.com"]
[Source "ChessBase"]
[SourceQuality "1"]

1. d4 c5 2. d5 Nf6 3. c4 d6 4. Nc3 e6 5. e4 exd5 6. exd5 Be7 7. Bd3 O-O 8. Nge2 Bg4 9. O-O Nbd7 10. Re1 Ne5 11. f3 Bh5 12. Bf4 Nxd3 13. Qxd3 Bg6 14. Qd1 Nh5 15. Be3 Bh4 16. g3 Bf6 17. Nf4 Bxc3 18. bxc3 Re8 19. Nxg6 fxg6 20. Bf2 Qf6 21. Qd3 Rf8 22. f4 Qf5 23. Qxf5 gxf5 24. Re6 Rfd8 25. Rae1 Nf6 26. Re7 Rd7 27. Rxd7 Nxd7 28. Re7 Rd8 29. h3 Kf8 30. Re1 Nf6 31. Re3 Ne4 32. g4 Nxf2 33. Kxf2 fxg4 34. hxg4 Rd7 35. Re6 h6 36. Kf3 Kf7 37. f5 Re7 38. Rxd6 b6 39. Re6 Kf8 40. Rxe7 Kxe7 41. Ke4 Kd6 42. a4 a5 43. Kf4 Ke7 44. Ke5 Kd7 45. f6 gxf6+ 46. Kxf6 Kd6 47. Kg6 Ke5 48. Kxh6 Kf6 49. g5+ Kf7 50. Kh7 Kf8 51. g6 1-0

[Event "1st FIDE OWCCCC Pools-East 2021"]
[Site "Online"]
[Date "2021.02.19"]
[Round "2.65"]
[White "Baranov, Oleksii"]
[Black "Fernandes, Gervano"]
[Result "*"]
[WhiteElo "1830"]
[BlackElo "1291"]
[Annotator "NA RC"]
[PlyCount "63"]
[EventDate "2021.02.19"]
[EventType "team-tourn"]
[EventCountry "NET"]
[SourceTitle "playchess.com"]
[Source "ChessBase"]
[SourceQuality "1"]

1. e4 c5 2. Bc4 e6 3. Nc3 Ne7 4. d4 d5 5. Bb5+ Bd7 6. exd5 Bxb5 7. Nxb5 Nxd5 8. dxc5 Bxc5 9. c4 a6 10. Qa4 Nc6 11. Nc3 Nxc3 12. bxc3 Ba7 13. Nf3 O-O 14. O-O Rc8 15. Ba3 Re8 16. Rab1 Qc7 17. Rfe1 Na5 18. Nd2 Red8 19. Ne4 Nxc4 20. Bb4 a5 21. Rb3 Bb8 22. Bc5 Qxh2+ 23. Kf1 Qh1+ 24. Ke2 Qh5+ 25. f3 Rxc5 26. Rd1 Rcd5 27. Rxd5 exd5 28. Rxb7 dxe4 29. Qxc4 exf3+ 30. Kf2 Qd5 31. Qxd5 Bg3+ 32. Kxg3 *